Biological wastewater treatment / (Record no. 17748)
[ view plain ]
| 000 -LEADER | |
|---|---|
| fixed length control field | 01160cam a22003254a 4500 |
| 001 - CONTROL NUMBER | |
| control field | 16813794 |
| 005 - DATE AND TIME OF LATEST TRANSACTION | |
| control field | 20131111130814.0 |
| 006 - FIXED-LENGTH DATA ELEMENTS--ADDITIONAL MATERIAL CHARACTERISTICS--GENERAL INFORMATION | |
| fixed length control field | a|||||r|||| 001 0 |
| 007 - PHYSICAL DESCRIPTION FIXED FIELD--GENERAL INFORMATION | |
| fixed length control field | ta |
| 008 - FIXED-LENGTH DATA ELEMENTS--GENERAL INFORMATION | |
| fixed length control field | 110607s2011 flua rb 001 0 eng |
| 010 ## - LIBRARY OF CONGRESS CONTROL NUMBER | |
| LC control number | 2011019328 |
| 020 ## - INTERNATIONAL STANDARD BOOK NUMBER | |
| International Standard Book Number | 1843393425 |
| 020 ## - INTERNATIONAL STANDARD BOOK NUMBER | |
| International Standard Book Number | 9781843393429 |
| 042 ## - AUTHENTICATION CODE | |
| Authentication code | pcc |
| 050 00 - LIBRARY OF CONGRESS CALL NUMBER | |
| Classification number | TD755 |
| Item number | .G72 2011 |
| 082 00 - DEWEY DECIMAL CLASSIFICATION NUMBER | |
| Classification number | 628.35 |
| Edition number | 22 |
| Item number | BIO |
| 100 1# - MAIN ENTRY--PERSONAL NAME | |
| Personal name | Grady, C. P. Leslie, |
| Dates associated with a name | 1938- |
| 9 (RLIN) | 34424 |
| 245 10 - TITLE STATEMENT | |
| Title | Biological wastewater treatment / |
| Statement of responsibility, etc | C.P. Leslie Grady ... [et al.]. |
| 250 ## - EDITION STATEMENT | |
| Edition statement | 3rd ed. |
| 260 ## - PUBLICATION, DISTRIBUTION, ETC. (IMPRINT) | |
| Place of publication, distribution, etc | Boca Raton, FL : |
| Name of publisher, distributor, etc | IWA Pub./CRC Press, |
| Date of publication, distribution, etc | c2011. |
| 300 ## - PHYSICAL DESCRIPTION | |
| Extent | xxix, 991 p. : |
| Other physical details | ill. ; |
| Dimensions | 27 cm. |
| 500 ## - GENERAL NOTE | |
| General note | Rev. ed. of: Biological wastewater treatment / Biological wastewater treatment / C.P. Leslie Grady, Jr., Glen T. Daigger, Henry C. Lim. 2nd. 1999. |
| 504 ## - BIBLIOGRAPHY, ETC. NOTE | |
| Bibliography, etc | Includes bibliographical references and index. |
| 650 #0 - SUBJECT ADDED ENTRY--TOPICAL TERM | |
| Topical term or geographic name as entry element | Sewage |
| General subdivision | Purification |
| -- | Biological treatment. |
| 9 (RLIN) | 19163 |
| 653 ## - INDEX TERM--UNCONTROLLED | |
| Resource For college | |
| Arrived date list | November2013 |
| 655 ## - INDEX TERM--GENRE/FORM | |
| Form subdivision | |
| -- | 33728 |
| 700 1# - ADDED ENTRY--PERSONAL NAME | |
| Personal name | Grady, C. P. Leslie, |
| Dates associated with a name | 1938- |
| 9 (RLIN) | 34425 |
| 700 1# - ADDED ENTRY--PERSONAL NAME | |
| Personal name | Grady, C. P. Leslie, |
| Dates associated with a name | 1938- |
| Title of a work | Biological wastewater treatment. |
| 9 (RLIN) | 34426 |
| 942 ## - ADDED ENTRY ELEMENTS (KOHA) | |
| Source of classification or shelving scheme | Dewey Decimal Classification |
| Item type | Book - Borrowing |
| Withdrawn status | Item status | Source of classification or shelving scheme | Damaged status | Not for loan | Vendor | Home library | Current library | Shelving location | Date acquired | Source of acquisition | Total Checkouts | Total Renewals | Full call number | Barcode | Date last seen | Date last borrowed | Koha item type |
|---|---|---|---|---|---|---|---|---|---|---|---|---|---|---|---|---|---|
| Dewey Decimal Classification | Baccah | Central Library | Central Library | First floor | 11/11/2013 | 4 | 24 | 628.35 BIO | 000029622 | 15/07/2025 | 10/12/2019 | Book - Borrowing | |||||
| Dewey Decimal Classification | Baccah | Central Library | Central Library | First floor | 11/11/2013 | 628.35 BIO | 000029623 | 15/07/2025 | Book - Borrowing |